000 00430nam a2200109Ia 4500
008 160909s9999 xx 000 0 und d
100 _aRyder, David E.
245 4 _aThe impact of deep-brain stimulation on speech comprehensibility and swallowing in patients with idiopathic Parkinson's disease
260 _bUniversity of Rhode Island.
_c2016
650 _aFOOD
856 _uhttp://pqdtopen.proquest.com/doc/1785854484.html?FMT=ABS
999 _c304032
_d304032